Rozwój przedsiebiorstwa Warunki - metody - strategie. Praca zbiorowa

Gespeichert in:
Bibliographische Detailangaben
Weitere Verfasser: Rokity, Jerzego
Format: Buch
Sprache:Polnisch
Veröffentlicht: Katowice Akademia Ekon. im. Karola Adamieckiego 1989
Ausgabe:1. wyd.
Schriftenreihe:Prace naukowe
Tags: Tag hinzufügen
Keine Tags, Fügen Sie das erste Tag hinzu!

MARC

LEADER 00000nam a2200000 4500
001 c032551
005 20221215130341.0
041 0 |a pol 
044 |a PL 
245 1 0 |a Rozwój przedsiebiorstwa  |b Warunki - metody - strategie. Praca zbiorowa  |c Red. Jerzego Rokity 
250 |a 1. wyd. 
264 1 |a Katowice  |b Akademia Ekon. im. Karola Adamieckiego  |c 1989 
300 |a 277 s. 
490 1 |a Prace naukowe 
830 0 |a Prace naukowe 
700 1 |a Rokity, Jerzego